Muslim women, reform and princely patronage : (Record no. 13472)
[ view plain ]
| 000 -LEADER | |
|---|---|
| fixed length control field | 01454cam a22003498a 4500 |
| 001 - CONTROL NUMBER | |
| control field | 14376701 |
| 005 - DATE AND TIME OF LATEST TRANSACTION | |
| control field | 20100212105708.0 |
| 008 - FIXED-LENGTH DATA ELEMENTS--GENERAL INFORMATION | |
| fixed length control field | 060515s2006 nyu b 001 0 eng |
| 010 ## - LIBRARY OF CONGRESS CONTROL NUMBER | |
| LC control number | 2006016000 |
| 020 ## - INTERNATIONAL STANDARD BOOK NUMBER | |
| International Standard Book Number | 9780415544511 (hardback : alk. paper) |
| 040 ## - CATALOGING SOURCE | |
| Original cataloging agency | DLC |
| Transcribing agency | DLC |
| Modifying agency | DLC |
| 042 ## - AUTHENTICATION CODE | |
| Authentication code | pcc |
| 043 ## - GEOGRAPHIC AREA CODE | |
| Geographic area code | a-ii--- |
| 050 00 - LIBRARY OF CONGRESS CALL NUMBER | |
| Classification number | HQ1742 |
| Item number | .L37 2006 |
| 082 00 - DEWEY DECIMAL CLASSIFICATION NUMBER | |
| Classification number | 305.48697 |
| Edition number | 22 |
| Item number | LAM |
| 100 1# - MAIN ENTRY--PERSONAL NAME | |
| Personal name | Lambert-Hurley, Siobhan. |
| 9 (RLIN) | 11724 |
| 245 10 - TITLE STATEMENT | |
| Title | Muslim women, reform and princely patronage : |
| Remainder of title | Nawab Sultan Jahan Begam of Bhopal / |
| Statement of responsibility, etc | Siobhan Lambert-Hurley. |
| 260 ## - PUBLICATION, DISTRIBUTION, ETC. (IMPRINT) | |
| Place of publication, distribution, etc | New York, NY : |
| Name of publisher, distributor, etc | Routledge, |
| Date of publication, distribution, etc | c.2007. |
| 263 ## - PROJECTED PUBLICATION DATE | |
| Projected publication date | 0612 |
| 300 ## - PHYSICAL DESCRIPTION | |
| Extent | 256p: |
| Other physical details | ill; |
| Dimensions | 20cm. |
| 440 #0 - | |
| -- | Royal Asiatic Society books |
| -- | 11725 |
| 500 ## - GENERAL NOTE | |
| General note | Includes Index. |
| 504 ## - BIBLIOGRAPHY, ETC. NOTE | |
| Bibliography, etc | Includes bibliographical references and index. |
| 600 10 - SUBJECT ADDED ENTRY--PERSONAL NAME | |
| Personal name | Sultan Jahan Begam, |
| Titles and other words associated with a name | Nawab of Bhopal, |
| Dates associated with a name | 1858-1930. |
| 9 (RLIN) | 11726 |
| 650 #0 - SUBJECT ADDED ENTRY--TOPICAL TERM | |
| Topical term or geographic name as entry element | Muslim women |
| Geographic subdivision | India |
| General subdivision | History. |
| 9 (RLIN) | 11727 |
| 650 #0 - SUBJECT ADDED ENTRY--TOPICAL TERM | |
| Topical term or geographic name as entry element | Women in Islam |
| Geographic subdivision | India |
| General subdivision | History. |
| 9 (RLIN) | 11728 |
| 650 #0 - SUBJECT ADDED ENTRY--TOPICAL TERM | |
| Topical term or geographic name as entry element | Women social reformers |
| Geographic subdivision | India |
| General subdivision | History. |
| 9 (RLIN) | 11729 |
| 856 41 - ELECTRONIC LOCATION AND ACCESS | |
| Materials specified | Table of contents only |
| Uniform Resource Identifier | <a href="http://www.loc.gov/catdir/toc/ecip0614/2006016000.html">http://www.loc.gov/catdir/toc/ecip0614/2006016000.html</a> |
| 942 ## - ADDED ENTRY ELEMENTS (KOHA) | |
| Source of classification or shelving scheme | Dewey Decimal Classification |
| Item type | Book - Borrowing |
| Withdrawn status | Item status | Source of classification or shelving scheme | Damaged status | Not for loan | Vendor | Home library | Current library | Shelving location | Date acquired | Source of acquisition | Cost, normal purchase price | Serial Enumeration / chronology | Total Checkouts | Total Renewals | Full call number | Barcode | Date last seen | Date last borrowed | Koha item type |
|---|---|---|---|---|---|---|---|---|---|---|---|---|---|---|---|---|---|---|---|
| Dewey Decimal Classification | MERIC | Central Library | Central Library | First floor | 23/02/2010 | 206.40 | 10029 | 3 | 1 | 305.48697 LAM | 000019920 | 15/07/2025 | 08/10/2019 | Book - Borrowing |